සිරකරුවෝ/

Saved in:
Bibliographic Details
Main Author: හැන්සන් , එඩ්
Other Authors: මදුරංග, සදුන් (සිරකරුවෝ)
Format: Book
Language:English
Sinhalese
Published: ගනේමුල්ල : මියුසස්,
Subjects:
Tags: Add Tag
No Tags, Be the first to tag this record!

MARC

LEADER 00000nam a22000007a 4500
003 LK-RuCL
005 20260408155741.0
008 260408b |||||||| |||| 00| 0 eng d
020 |a 9786246570200 
040 |a LK-RuCL  |b sin  |d LK-RuCL 
041 |a sin 
082 |2 23  |a 823  |b හැන්ස 
100 |a හැන්සන් , එඩ් 
130 |a HOSTAGES/ 
245 |a සිරකරුවෝ/  |c සදුන් මදුරංග 
260 |a ගනේමුල්ල :  |b මියුසස්,  |g 2024 
300 |a පි. 63 :  |c සෙ.මි.18.5 
650 0 |a ඉංග්‍රීසි ප්‍රබන්ධ | සිංහල පරිවර්තන 
700 |a මදුරංග, සදුන්  |e සිරකරුවෝ 
942 |c LBK 
999 |c 14269  |d 14269